| 000 | 01108nam a2200301 i 4500 | ||
|---|---|---|---|
| 001 | 000020758 | ||
| 003 | DO-SdBNP | ||
| 005 | 20240516151737.0 | ||
| 007 | ta | ||
| 008 | 100813s2016 dr 000 j spa d | ||
| 020 | _a9789945085327 | ||
| 040 |
_aDO-SdBNP _bspa _cBNPHU _erda |
||
| 082 | 4 |
_aRD863.5 _bG216a _222 |
|
| 100 | 1 |
_aGarcía Michel, Eduardo, _d1946- _943516 _eautor |
|
| 245 | 1 | 0 |
_aAl amanecer, la niebla : _bcuentos para mis nietos, una pizca de filosofía y poesía, sátira política y narraciones / _cEduardo García Michel ; proemio, José Rafael Lantigua. |
| 264 |
_aSanto Domingo : _bGrupo Diario Libre, _c2016. |
||
| 300 |
_a322 páginas ; _c23 cm. |
||
| 336 |
_2rdacontent _atexto _btxt |
||
| 337 |
_2rdamedia _asin mediación _bn |
||
| 338 |
_2rdacarrier _avolumen _bnc |
||
| 500 | _aIncluye datos biográficos del autor en las solapas | ||
| 590 | _aInventariado, 2024/BT | ||
| 650 | 4 |
_aCuentos dominicanos _9176 |
|
| 650 | 4 |
_aLiteratura dominicana. _967 |
|
| 700 | 1 |
_aLantigua, José Rafael, _d1949- _91438 _eproemio |
|
| 910 | _aValidado. Control de calidad MFF | ||
| 942 |
_2ddc _cLBS1 |
||
| 999 |
_c20262 _d20262 |
||